Biofarmok bemutatása

Elmentve itt :
Bibliográfiai részletek
Szerző: Rimóczi Lívia
További közreműködők: Édes Katalin (Témavezető)
Dokumentumtípus: Szakdolgozat
Megjelent: 2003
Kulcsszavak:Ökológiai gazdálkodás
Biogazdálkodás
Hungarikumok
Tárgyszavak:
Online Access:http://diploma.bibl.u-szeged.hu/101433
LEADER 00719nta a2200229 i 4500
001 dipl101433
005 20211109073627.0
008 211108s2003 hu om 0|| hun d
040 |a SZTE Diploma Repozitórium  |b hun 
041 |a hun 
100 1 |a Rimóczi Lívia 
245 1 0 |a Biofarmok bemutatása  |h [elektronikus dokumentum] /  |c Lívia Rimóczi 
260 |c 2003 
300 |a 60 
650 4 |a Agrár 
650 4 |a Agricultural sciences 
650 4 |a Agriculture, forestry and fisheries 
695 |a Ökológiai gazdálkodás 
695 |a Biogazdálkodás 
695 |a Hungarikumok 
700 1 |a Édes Katalin  |e ths 
856 4 0 |u http://diploma.bibl.u-szeged.hu/id/eprint/101433/1/2003_rimoczi_livia.pdf  |z Dokumentum-elérés